000 00451nam a2200181Ia 4500
001 13295
005 20260306164750.0
008 260306t2010||||xx |||||||||||||| ||spa||
041 _aESP
082 _a001.42
_bM26C
100 _aMartinez Miguélez, Miguel
_eAUT
245 0 _aCiencia y arte en la metodología cualitativa
260 _c2010
300 _a352 páginas :
_c23 cm.
650 _aGEN
654 _aCHU
942 _cLIB
_dJUS
_fJUS
_2ddc
_n
999 _c13295
_d13295